00578nam a22001337a 4500008004100000040005500041080001700096245010500113260007400218500011000292650001200402942001300414999001700427230424b |||||||| |||| 00| 0 eng d aNational Science LibrarycNational Science Library a5/6.007(540) aOutturn of scientific & technical manpower in Indiac/ Council of Scientific and Industrial Research aNew Delhi: bCouncil of Scientific and Industrial Research, c1993 aVol. 1 Natural sciences Vol.2 Engineering & Technology Vol.3 Medical sciences Vol.4 Agricultural sciences aScience 2udccREP c22638d22638